| 000 | 00523nam a22001697a 4500 | ||
|---|---|---|---|
| 003 | OSt | ||
| 005 | 20260211103230.0 | ||
| 008 | 260211b |||||||| |||| 00| 0 eng d | ||
| 040 | _cMRSPTU | ||
| 041 | _aEnglish | ||
| 100 | _aVeerpal Kaur, Supervisor: Gurprit Singh Bath | ||
| 245 | _aStabilization of Clayey Soil by Using Glass Powder | ||
| 260 |
_bDepartment of Civil Engg, MRSPTU, Bathinda _c2019 |
||
| 650 | _aCivil Engineering | ||
| 856 | _uhttp://163.47.215.52:8080/jspui/handle/123456789/313 | ||
| 942 |
_2ddc _cTH _n0 |
||
| 999 |
_c10892 _d10892 |
||